|
|
|
|
| LEADER |
00000nam a22000007a 4500 |
| 005 |
20111013143910.0 |
| 008 |
111013s2010 cl |||||s|||| 00||0 spa d |
| 020 |
|
|
|a 978-956-10-1911-9
|
| 035 |
|
|
|a 5804
|
| 040 |
|
|
|a vLex
|
| 090 |
|
|
|c 2652
|d 2652
|
| 100 |
1 |
|
|a Silva Silva, Hernǹ
|
| 245 |
1 |
3 |
|a El delito de manejar en estado de ebriedad
|h [Recurso electrn̤ico] /
|c Hernǹ Silva Silva
|
| 256 |
|
|
|a Servicio en ln̕ea.
|
| 260 |
|
|
|a [Chile] :
|b Editorial jurd̕ica de Chile,
|c 2010
|
| 300 |
|
|
|a 1 recuros electrn̤ico
|
| 506 |
1 |
|
|a Contenido solo disponible en los productos indicados
|d vLex Global
|d vLex Global (Academic Edition, excluding Law Schools)
|d vLex Global (U.S. Academic Edition, Law Schools)
|d vLex Global (U.S. Academic Edition, excluding Law Schools)
|d vLex Global (Academic Edition, Law Schools)
|
| 650 |
0 |
4 |
|a Consumo de alcohol
|z Chile
|
| 650 |
0 |
4 |
|a Circulacin̤
|x Derecho y legislacin̤
|z Chile
|
| 740 |
0 |
|
|a vLex Libros (Servicio en ln̕ea)
|
| 856 |
4 |
0 |
|u http://vlex.com/source/delito-manejar-estado-ebriedad-5804
|z Acceso restringido
|
| 942 |
|
|
|c BOOK
|